|
|
|
|
| LEADER |
00831nam#a2200277#a#4500 |
| 001 |
000853 |
| 003 |
AR-BeUNQ |
| 005 |
20240207161332.0 |
| 008 |
950607s1977########################spa#d |
| 999 |
|
|
|c 3655
|d 79042
|
| 040 |
|
|
|a AR-BeUNQ
|e aacr
|
| 099 |
|
|
|a 20-P2
|
| 100 |
1 |
|
|a Piskunov, N
|
| 245 |
0 |
2 |
|a Cálculo diferencial e integral
|c N Piskunov.
|
| 250 |
|
|
|a 5a. ed.
|
| 260 |
|
|
|a Moscu :
|b MIR,
|c 1977
|
| 594 |
|
|
|b INGENIERIA EN ALIMENTOS
|c ANALISIS MATEMATICO I
|d 2023
|
| 650 |
|
7 |
|a CALCULO DIFERENCIAL
|2 spines
|
| 650 |
|
7 |
|a CALCULO INTEGRAL
|2 spines
|
| 650 |
|
7 |
|a ECUACIONES DIFERENCIALES
|2 spines
|
| 650 |
|
7 |
|a ECUACIONES INTEGRALES
|2 spines
|
| 650 |
|
7 |
|a SERIES (MATEMATICAS)
|2 spines
|
| 650 |
|
7 |
|a FUNCIONES (MATEMATICAS)
|2 spines
|
| 650 |
|
7 |
|a POLINOMIOS
|2 spines
|
| 929 |
|
|
|d 4,00E
|e 19950607
|g Exp. 0342/95
|j 11025
|
| 942 |
|
|
|c LIB
|n 0
|